000 nam a22 a 4500
999 _c949
_d949
003 AKMAL
005 20170508095311.0
008 170508s1998 my 00 may d
020 _a9830462277 (kkt.):
_cRM21.00
040 _aAKMAL
082 0 4 _a297.18 ABD
_221
090 2 0 _a297.648
_bABD
100 0 _aAbdul Mun'im
_92004
245 1 0 _a3003 permata :
_bkisah-kisah insan pejuang /
_cAbdul Mun'im
260 _aKuala Lumpur :
_bDarul Nu'man,
_c1998
300 0 0 _axii, 228ms. ;
_c20cm
600 0 0 _aMuhammad,
_cProphet,
_d-632
_xCompanions
_92001
600 0 0 _aMuḼammad,
_cProphet,
_d-632
_xFriends and associates
_92002
650 0 _aHeroes
_xReligious aspects
_xIslam
_92003
740 0 2 _aTiga ribu tiga permata kisah-kisah insan pejuang
942 _2ddc
_cBOOK